000 00636nam a2200253Ia 4500
005 20260306154114.0
008 008 260114s9999 xx 000 0 eng d
020 _a9780511712029
037 _aEBOOK
040 _aCRL
040 _beng
040 _cCRL
041 _2eng
041 _aeng
084 _qCRL
100 _aCopelovitch
_91126882
245 4 _aThe International Monetary Fund in the Global Economy 1st ed
260 _bCambridge University Press
260 _c2010
650 _aPolitical Science
856 _uhttps://doi.org/10.1017/CBO9780511712029
942 _cEBOOK
999 _c1706179
_d1706179